000 00452nam a2200169 i 4500
001 73950
003 ES-MaACL
005 20230906171952.0
007 t|
008 040913s1906 ve ||||1| spa d
100 1 _aGonzález, Eloy G.
_958305
245 1 0 _aAl margen de la Epopeya /
_cEloy G. González.
250 _a2ª ed.
260 _aCaracas :
_b[s.n.,
_c1906] (
_fImprenta Nacional)
300 _a252 p. ;
_c23 cm.
852 _aES-MaACL
_jG-7816
999 _c73950
_d73950